Jak hromady pobitých ptáků /

Hlavní autor: Dvořák, Ladislav, 1920-1983
Další autoři: Krumphanzl, Robert, 1973-
Jazyk: Čeština
Vydáno: Praha : Torst, 1998
Vydání: 1. soubor. vyd.
Témata:
Externí odkaz: Digitalizovaný dokument
Fyzický popis: 596 s. ; 19 cm
Knihy
Uloženo v:
LEADER 01134nam a2200289 a 4500
001 000480241
003 CZ BrMZK
005 20000115143423.0
007 ta
008 000115s1998 xr cze d
015 |a cnb000693483 
020 |a 80-7215-061-8 
035 |a (OCoLC)45044658 
040 |a BOA001  |b cze 
080 |a 885.0-32(081)  |2 MRF 
100 1 |a Dvořák, Ladislav,  |d 1920-1983  |7 jk01030164  |4 aut 
245 1 0 |a Jak hromady pobitých ptáků /  |c Ladislav Dvořák ; [uspořádal, k vydání připravil, ediční komentář napsal a literaturu a chronologii života a díla autora sestavil Robert Krumphanzl 
250 |a 1. soubor. vyd. 
260 |a Praha :  |b Torst,  |c 1998 
300 |a 596 s. ;  |c 19 cm 
500 |a Bibliogr. 
655 7 |a české povídky  |7 fd133971  |2 czenas 
700 1 |a Krumphanzl, Robert,  |d 1973-  |7 js20030519005  |4 com 
856 4 1 |u http://www.digitalniknihovna.cz/mzk/uuid/uuid:7a2fd790-067a-11e4-83c7-005056827e51  |y Digitalizovaný dokument  |x NDK 
910 |a BOA001  |b 1-1073.221 
990 |a BK 
996 6 |b 2610115695  |c 1-1073.221  |l MZK  |r Sklad / do 1 hodiny  |n 2  |p p.v.  |w 000480241  |u 000010  |a 1  |e BOA001  |j MZK50  |s P